Handbook of Sensors and Actuators : Measuring Current, Voltage and Power /

Furkejuvvon:
Bibliográfalaš dieđut
Váldodahkki: Iwansson, Kaj (ed.)
Eará dahkkit: Sinapius, Günther (edición) (edición), Hoornaert, Winfried (edición) (edición)
Materiálatiipa: Girji
Giella:eaŋgalasgiella
Almmustuhtton: Amsterdam, Holanda : Elsevier, 1999, c1999
Ráidu:(Handbook of Sensors and Actuators ; 7)
(European Patent Office ; 15)
Fáttát:
Fáddágilkorat: Lasit fáddágilkoriid
Eai fáddágilkorat, Lasit vuosttaš fáddágilkora!

MARC

LEADER 00000nam^a2200000^a^4500
001 000136124
005 20250521000000.0
009 20260310095308.316
020 |a 0-444-72001-4 
037 |a Acervo ITESO - Biblioteca 
041 |a ING 
082 |a 681. 2  |b MID V. 7 
100 |a Iwansson, Kaj  |e (ed.) 
240 1 1 |a [Handbook of Sensors and Actuators] 
245 1 0 |a Handbook of Sensors and Actuators :  |b Measuring Current, Voltage and Power /  |c Ed. de K. Iwansson, G. Sinapius, W. Hoornaert. 
264 4 |a Amsterdam, Holanda :  |b Elsevier,  |c 1999, c1999 
300 |a XV, p. 
336 |a texto  |b txt  |2 rdacontenido 
337 |a sin mediación  |b n  |2 rdamedio 
338 |a volumen  |b nc  |2 rdasoporte 
440 1 |a (Handbook of Sensors and Actuators ;  |v 7) 
440 1 |a (European Patent Office ;  |v 15) 
649 |a XX 
650 |a Voltímetro 
650 |a Sensores 
650 |a Transductores 
650 |a Electricidad -  |x Medición 
650 |a Control Automático 
650 |a Electrónica -  |x Equipo y Aparatos 
650 |a Física 
650 |a Ingeniería Electrónica 
700 |a Sinapius, Günther  |e (edición) 
700 |a Hoornaert, Winfried  |e (edición) 
910 |a Fondo General 
920 |a Impresos - Libros 
930 |a Colección General 
905 |a 101 
901 |a 0500065098  |b IT1  |c ACC  |u 20250521 
902 |a https://opac.biblio.iteso.mx/vufind/Record/000136124